1390 1285 1847 1640 1546 1287 1348 1274 1647 1425 1269 1453 1712 1717 1037 1231 1013 1388 1246 1133 1319 1701 1092 1683 1374 1102 1381 1799 1547 1002 1040 1012 1750 1914 1429 1787 1467 1416 1463 1298 1207 1480 1956 1682 1795 1087 1918 1889 1500 1663 1850 1678 1938 1876 1192 1237 1575 1990 1997 1032 1355 1627 1219 1940 1318 1648 1051 1484 1419 1389 1534 1011 1344 1639 1672 1132 1791 1299 1275 1729 1842 1761 1702 1882 1604 1732 1898 1246 1745 1583 1556 1443 1476 1357 1983 1343 1462 1716 1348 BCNSPRNW ULIB Ver.6.0+V

เปลี่ยนเป็นภาษาไทย

Change to English
 แสดงรายละเอียดบรรณานุกรม
  กลับหน้าหลัก

Brief Record : Get Marc (ISO 2709) : E-mail record : QR code < ปิดหน้าต่าง
LEADER : 00000nam 2200000uu 4500
001    13399122124
003     ULIB
008    121228s2550||||th 000 0 tha d
020    ^a9789744750280
090    ^aนว.^bม456จ
100    ^aมาร์ก เลอวี^eเขียน
245    ^aเจ็ดวันเพื่อหนึ่งนิรันดร /^cมาร์ก เลอวี^eเขียน
260    ^aกรุงเทพฯ :^bแพรวสำนักพิมพ์,^c2550
300    ^a219 หน้า
700    ^aอธิชา ปัญชุนากร^eแปล
945    ^p170^l0^i021049
999    ^aใช้งานได้ทุกระบบ
รายการนี้ยังไม่มีแท็ก
คุณยังไม่ได้ล็อกอิน คุณสามารถมีกิจกรรมร่วมกับเว็บไซต์ได้ แต่ต้องล็อกอินก่อน ::
  ล็อกอิน

รายการสื่อสารสนเทศ

ลำดับที่ ประเภท เลขเรียก/บาร์โค้ด สถานที่ สถานะ
1. นวนิยาย
นวนิยาย
นว. ม456จ  
  Barcode: 021049
ห้องสมุดวิทยาเขตสวรรค์ประชารักษ์
►นวนิยาย
บนชั้น
  ขอยืม

BibComment


ยังไม่เคยถูกคอมเมนท์

คอมเมนท์ทรัพยากรรายการนี้
  คอมเมนท์: เจ็ดวันเพื่อหนึ่..


 Copyright 2026. Bcnsprnw @Library